000 00481nam a2200193Ia 4500
005 20250603145755.0
008 250603s9999 xx 000 0 und d
020 _a978-0-13-702915-0
050 _aHD 30.28 .W43/
100 _aWheelen, Thomas L.
245 0 _aStrategic Management and Business Policy: Achieving Sustainability
250 _a12ed
260 _aNew Jersey
260 _bPearson
260 _c2010
300 _a978 p
650 _aNew Jersey
942 _cBK
999 _c42814
_d42814